000 00767nam a2200157Ia 4500
999 _c27334
_d27334
041 _aहिंदी
082 _aRP.0341
100 _aपूनम
_uशहीद भगत सिंह गर्ल्स डिग्री कॉलेज
_vमेरठ
245 0 _aपर्वतीय क्षेत्रों की महिलाएँ :
_bएक चुनौतीपूर्ण भूमिका में /
_cपूनम
260 _aनई दिल्ली :
_bभारतीय सामाजिक विज्ञानं अनुसन्धान परिषद,
_c2017
300 _a174 p.
536 _aIndian Council of Social Science Research
546 _aHindi
650 _aWomen
_xSocial conditions
_zIndia
942 _cRP
_2ddc